• Bermudo, Juan,

di Personal Name

Records bibliografici associati: 1

001 - CONTROL NUMBER

  • control field: 61280

003 - CONTROL NUMBER IDENTIFIER

  • control field: IT-RoINE

005 - DATE AND TIME OF LATEST TRANSACTION

  • control field: 20190709083103.0

008 - FIXED-LENGTH DATA ELEMENTS

  • fixed length control field: 190709|| aca||aabn | a|a d

040 ## - CATALOGING SOURCE

  • Original cataloging agency: IT-RoINE
  • Transcribing agency: IT-RoINE

100 ## - HEADING--PERSONAL NAME

  • Personal name: Bermudo, Juan,
  • Dates associated with a name: ca. 1510-ca. 1565

670 ## - SOURCE DATA FOUND

  • Source citation: Work cat.: (IT-RoINE)0: Bermudo, Juan, ca. 1510-ca. 1565, Comiença el libro llamado Declaraciō de instumētos musicales dirigido al illustrißimo señor elseñor don Francisco de Çuniga Conde de Miranda, señor delas casas de Auellaneda y Baçā ... /, 2009.